00698nam a2200169 a 450000100100000000500170001000800410002704000250006811000320009324000180012524500730014326000630021630000200027995201060029995201060040599900170051100002878520200930055132.0110412s2004 dr 000 0 spa d aDO-SdBNPbspacBNPHU1 aRepública Dominicana944710a[Leyes, etc.]10aResoluciones turísticas para agencias de viajes y tour operadores. aSanto Domingo :bSecretaría de Estado de Turismo,c2004. a36 p. ;c21 cm. 00107-18PDaPDbPDcOId2011-04-12iLF1l0o p28785-10r2020-06-25w2020-06-25yLFPDZNo se presta 00107-18PDaPDbPDcOId2011-04-12iLF1l0o p28785-20r2020-06-25w2020-06-25yLFPDZNo se presta c28277d28277